书目信息 |
| 题名: |
罗易赴华使命
|
|
| 作者: | 诺思 , North , 尤丁 , udin'X 著 ;王淇 译 | |
| 分册: | ||
| 出版信息: | 北京 中国人民大学出版社 1981 |
|
| 页数: | 367页 | |
| 开本: | 21cm | |
| 丛书名: | ||
| 单 册: | ||
| 中图分类: | D231 | |
| 科图分类: | ||
| 主题词: | 党史-中国共产党--1927 | |
| 电子资源: | ||
| ISBN: | ||
| 000 | 00853nam0 2200289 45 | |
| 001 | 0181002824 | |
| 005 | 20060818104528.32 | |
| 010 | @dCNY1.10 | |
| 091 | @aCN@b11011.95 | |
| 100 | @a19950621d1981 em y0chiy0121 ea | |
| 101 | 1 | @achi@ceng |
| 102 | @aCN@b110000 | |
| 105 | @ay z 000yy | |
| 200 | 10 | @a罗易赴华使命@Aluo yi fu hua shi ming@e一九二七年的国共分裂@f(美)诺思(North,R.C.),(美)尤丁(udin'X.J.)编著@g王淇译 |
| 210 | @a北京@c中国人民大学出版社@d1981 | |
| 215 | @a367页@d21cm | |
| 601 | 02 | @a中国共产党@x党史@z1927 |
| 606 | @a党史-中国共产党@z1927 | |
| 690 | @aD231@v3 | |
| 701 | 1 | @a诺思@Anuo si@bR.C.@f美@4著 |
| 701 | A1 | @aNorth@bR.C.@4著 |
| 701 | 1 | @a尤丁@Ayou ding@bJ.@4著 |
| 701 | A1 | @audin'X@bJ.@4著 |
| 702 | 0 | @a王淇@Awang qi@4译 |
| 801 | 2 | @aCN@bNLC@c20060818 |
| 801 | 0 | @aCN@bTSSF@c20060731 |
| 905 | @a10447@dD231@e155 | |
| 罗易赴华使命:一九二七年的国共分裂/(美)诺思(North,R.C.),(美)尤丁(udin'X.J.)编著/王淇译.-北京:中国人民大学出版社,1981 |
| 367页;21cm |
| ISBN :CNY1.10 |
| ● |
| 相关链接 |
|
|
|
|
正题名:罗易赴华使命
索取号:D231/155
 
预约/预借
| 序号 | 登录号 | 条形码 | 馆藏地/架位号 | 状态 | 备注 |
| 1 | 0439936 | 204399365 | 密集书库/ [索取号:D231/155] | 在馆 | |
| 2 | 0440733 | 204407338 | 密集书库/ [索取号:D231/155] | 在馆 | |
| 3 | 0465682 | 204656826 | 密集书库/ [索取号:D231/155] | 在馆 |